[Event "Sueca op 5th"]
[Site "Sueca"]
[Date "2019.07.25"]
[Round "5"]
[White "Randazzo, Adrian"]
[Black "Costa Grau, Adrian"]
[Result "1-0"]
[WhiteElo "2227"]
[BlackElo "2010"]
[PlyCount "89"]
[EventDate "2019.07.22"]
[EventType "swiss"]
[EventRounds "9"]
[EventCountry "ESP"]
[SourceTitle "EXT 2020"]
[Source "ChessBase"]
[SourceDate "2019.10.17"]
[SourceVersion "1"]
[SourceVersionDate "2019.10.17"]
[SourceQuality "1"]

1. Nf3 c5 2. c4 Nc6 3. Nc3 g6 4. e3 Bg7 5. d4 cxd4 6. exd4 d6 7. d5 Ne5 8. Nxe5 Bxe5 9. Bd3 Bg7 10. Qa4+ Bd7 11. Qb3 Rb8 12. c5 dxc5 13. Bf4 Rc8 14. Qxb7 c4 15. Bc2 Qb6 16. Qxb6 Bxc3+ 17. bxc3 axb6 18. 0-0 Nf6 19. Be5 0-0 20. d6 Nd5 21. dxe7 Nxe7 22. a4 Nc6 23. Bf4 Na5 24. Rfb1 Rc6 25. Be4 Rf6 26. Be3 Nb3 27. Ra2 Bc6 28. Bc2 Bd5 29. Rd1 Rd6 30. Bxb6 Rxb6 31. Rxd5 Re8 32. h4 Nc1 33. Ra1 Re1+ 34. Kh2 Rb2 35. Rd8+ Kg7 36. a5 Rxc2 37. a6 Re7 38. a7 Rxa7 39. Rxa7 Rxf2 40. Rc7 Rf4 41. Rd4 Rf2 42. Rdxc4 Na2 43. Ra4 Rc2 44. c4 Nc3 45. Raa7 1-0

[Event "Xativa Murta op 4th"]
[Site "Xativa"]
[Date "2018.07.17"]
[Round "2"]
[White "Costa Grau, Adrian"]
[Black "Camarena Gimenez, Rufino"]
[Result "0-1"]
[WhiteElo "1933"]
[BlackElo "2354"]
[PlyCount "74"]
[EventDate "2018.07.16"]
[EventType "swiss"]
[EventRounds "7"]
[EventCountry "ESP"]
[SourceTitle "CBM 185 Extra"]
[Source "ChessBase"]
[SourceDate "2018.07.29"]
[SourceVersion "1"]
[SourceVersionDate "2018.07.29"]
[SourceQuality "1"]

1. e4 e6 2. d4 d5 3. Nc3 dxe4 4. Nxe4 Bd7 5. Nf3 Bc6 6. Bd3 Nd7 7. Qe2 Ngf6 8. Bd2 Nxe4 9. Bxe4 Bxe4 10. Qxe4 c6 11. Bg5 Qa5+ 12. c3 Bd6 13. 0-0 0-0 14. c4 Rfe8 15. b3 Qc7 16. Rae1 a5 17. h3 a4 18. c5 Bf8 19. b4 Nf6 20. Bxf6 gxf6 21. Qc2 Red8 22. a3 Bg7 23. Re2 f5 24. Rd1 Qf4 25. Red2 Rd5 26. Qb2 Bf6 27. Qb1 Rad8 28. Qc2 Bg7 29. Qxa4 e5 30. Ne1 e4 31. Nc2 Qg5 32. Ne3 R5d7 33. Nc4 f4 34. Nd6 f3 35. g3 e3 36. h4 Qg4 37. Rd3 Qh3 0-1

[Event "Sueca op 2nd"]
[Site "Sueca"]
[Date "2016.07.27"]
[Round "3.10"]
[White "Alberola Mulet, Jairo"]
[Black "Costa Grau, Adrian"]
[Result "1/2-1/2"]
[WhiteElo "2208"]
[BlackElo "1815"]
[PlyCount "63"]
[EventDate "2016.07.25"]
[EventType "swiss"]
[EventRounds "8"]
[EventCountry "ESP"]
[SourceTitle "EXT 2024"]
[Source "ChessBase"]
[SourceDate "2023.10.10"]
[SourceVersion "1"]
[SourceVersionDate "2023.10.10"]
[SourceQuality "1"]

1. e4 c5 2. Nf3 Nc6 3. d4 cxd4 4. Nxd4 Nf6 5. Nc3 d6 6. Be3 Ng4 7. Bb5 Nxe3 8. fxe3 Bd7 9. 0-0 Ne5 10. Nf3 Ng4 11. Qd5 Bxb5 12. Nxb5 Qd7 13. Ng5 e6 14. Qb3 Ne5 15. Rad1 Be7 16. Nf3 Nxf3+ 17. Rxf3 0-0 18. Nxd6 Bxd6 19. e5 Rad8 20. Rxd6 Qc7 21. Qd3 Rxd6 22. exd6 Qb6 23. Rf4 Rd8 24. d7 g6 25. b3 Kf8 26. Qc3 Rxd7 27. Rd4 Rxd4 28. Qxd4 Qa5 29. Kf2 Qxa2 30. Qd8+ Kg7 31. Qd4+ Kf8 32. Qd8+ 1/2-1/2

[Event "Xeraco Region-ch Preferente"]
[Site "Xeraco"]
[Date "2015.11.14"]
[Round "6.5"]
[White "Costa Grau, Adrian"]
[Black "Cortell Canet, Miguel"]
[Result "1-0"]
[WhiteElo "1687"]
[BlackElo "1807"]
[PlyCount "121"]
[EventDate "2015.10.03"]
[EventType "swiss"]
[EventRounds "7"]
[EventCountry "ESP"]
[SourceTitle "EXT 2024"]
[Source "ChessBase"]
[SourceDate "2023.10.10"]
[SourceVersion "1"]
[SourceVersionDate "2023.10.10"]
[SourceQuality "1"]

1. e4 c5 2. Nc3 Nc6 3. g3 Nf6 4. Bg2 e6 5. Nge2 Qb6 6. 0-0 Be7 7. d3 0-0 8. h3 d6 9. Kh1 Bd7 10. f4 a6 11. g4 Rab8 12. Qe1 Nb4 13. Qd1 Nc6 14. a3 Qc7 15. Be3 b5 16. Qd2 a5 17. f5 b4 18. Nd1 exf5 19. gxf5 Ne5 20. b3 Bc6 21. Nf4 Rbd8 22. Nd5 Nxd5 23. exd5 Bb7 24. Be4 Bf6 25. Ra2 Qe7 26. Qg2 Kh8 27. Nf2 Bh4 28. Ng4 f6 29. Nxe5 fxe5 30. Rg1 Bf6 31. Qg4 Qf7 32. h4 Bxd5 33. h5 h6 34. Rg2 Bxe4 35. dxe4 Rc8 36. axb4 cxb4 37. Rxa5 Rc3 38. Ra7 Rc7 39. Ra6 d5 40. Bd2 Rxc2 41. Bxb4 Rc1+ 42. Kh2 Rb8 43. Bd2 Rc5 44. b4 Rcb5 45. exd5 Rxd5 46. Be3 Rd7 47. Ra5 Rc8 48. b5 Rc4 49. Ra8+ Rd8 50. Qf3 Rh4+ 51. Kg1 e4 52. Rxd8+ Bxd8 53. Qg3 Rxh5 54. b6 Rxf5 55. Bd4 Rg5 56. Qh2 Rxg2+ 57. Qxg2 Qb7 58. Qg6 Kg8 59. Qe8+ Kh7 60. Qxd8 Qa6 61. Qc7 1-0

[Event "Xeraco Region-ch Preferente"]
[Site "Xeraco"]
[Date "2015.11.07"]
[Round "5.5"]
[White "Custard Gasco, Daniela Brenda"]
[Black "Costa Grau, Adrian"]
[Result "1/2-1/2"]
[WhiteElo "1809"]
[BlackElo "1687"]
[PlyCount "79"]
[EventDate "2015.10.03"]
[EventType "swiss"]
[EventRounds "7"]
[EventCountry "ESP"]
[SourceTitle "EXT 2024"]
[Source "ChessBase"]
[SourceDate "2023.10.10"]
[SourceVersion "1"]
[SourceVersionDate "2023.10.10"]
[SourceQuality "1"]

1. e4 c5 2. c3 d5 3. exd5 Nf6 4. Bb5+ Nbd7 5. Nf3 a6 6. Bxd7+ Bxd7 7. 0-0 Nxd5 8. Re1 e6 9. d4 Be7 10. dxc5 0-0 11. c4 Nf6 12. Bg5 h6 13. Bxf6 Bxf6 14. Nc3 Bc6 15. Qxd8 Raxd8 16. Rad1 Rxd1 17. Rxd1 Bxc3 18. bxc3 Ba4 19. Rd6 Rc8 20. Nd2 Rxc5 21. Rd8+ Kh7 22. f4 Bc6 23. a3 Ra5 24. Nb1 Kg6 25. Kf2 Kf5 26. g3 Be4 27. Rd1 Rc5 28. Nd2 Bd3 29. Nb3 Bc2 30. Nxc5 Bxd1 31. Nxb7 e5 32. fxe5 Kxe5 33. Ke3 f6 34. Nc5 Kd6 35. Kd4 Bc2 36. Nxa6 Kc6 37. Nc5 Bg6 38. Nb3 Kb6 39. Nc5 Kc6 40. Ne6 1/2-1/2

[Event "Xeraco Region-ch Preferente"]
[Site "Xeraco"]
[Date "2015.10.03"]
[Round "1.8"]
[White "Avargues Arlandis, Vicente"]
[Black "Costa Grau, Adrian"]
[Result "1/2-1/2"]
[WhiteElo "1826"]
[BlackElo "1687"]
[PlyCount "56"]
[EventDate "2015.10.03"]
[EventType "swiss"]
[EventRounds "7"]
[EventCountry "ESP"]
[SourceTitle "EXT 2024"]
[Source "ChessBase"]
[SourceDate "2023.10.10"]
[SourceVersion "1"]
[SourceVersionDate "2023.10.10"]
[SourceQuality "1"]

1. e4 c5 2. Nc3 d6 3. g3 Nf6 4. Bg2 g6 5. d3 Bg7 6. Nge2 Nbd7 7. 0-0 0-0 8. h3 Rb8 9. a4 a6 10. a5 e6 11. Bf4 Ne5 12. Qd2 Nc6 13. Na4 e5 14. Bg5 Nxa5 15. Nxc5 Nc4 16. dxc4 dxc5 17. Qe3 Qc7 18. Nc3 Be6 19. Nd5 Bxd5 20. cxd5 Ne8 21. Qc3 Nd6 22. Be3 Rbc8 23. b3 f5 24. Qd3 a5 25. c4 b6 26. Bd2 Rf7 27. Rae1 Re8 28. f4 fxe4 1/2-1/2

[Event "Alzira op"]
[Site "Alzira"]
[Date "2014.08.22"]
[Round "1"]
[White "Roca Cruz, Rafael"]
[Black "Costa Grau, Adrian"]
[Result "1/2-1/2"]
[WhiteElo "1950"]
[BlackElo "1663"]
[PlyCount "108"]
[EventDate "2014.08.22"]
[EventType "swiss"]
[EventRounds "9"]
[EventCountry "ESP"]
[SourceTitle "EXT 2016"]
[Source "ChessBase"]
[SourceDate "2015.10.08"]
[SourceVersion "1"]
[SourceVersionDate "2015.10.08"]
[SourceQuality "1"]

1. d4 Nf6 2. c4 g6 3. Nf3 Bg7 4. Nc3 d6 5. h3 0-0 6. e4 Nbd7 7. Be3 e5 8. d5 a6 9. Be2 Nc5 10. Nd2 Ne8 11. b4 Nd7 12. g4 b6 13. h4 f6 14. Nf1 a5 15. b5 Nc5 16. Ng3 Bd7 17. h5 g5 18. h6 Bh8 19. Nf5 Rf7 20. Qd2 Bc8 21. 0-0-0 Bd7 22. Rdg1 Bc8 23. f3 Bd7 24. Nd1 Bc8 25. Nf2 Nd7 26. Nh3 Nf8 27. a4 Ng6 28. Kc2 Bd7 29. Kb3 Bc8 30. Nf2 Bd7 31. Rh5 Bc8 32. Nh3 Nf4 33. Nxf4 exf4 34. Bf2 Bd7 35. Be1 Bc8 36. Qd4 Bxf5 37. gxf5 Qe7 38. Bc3 Qe5 39. Qd2 Qe7 40. Qxf4 Ng7 41. Rhxg5 fxg5 42. Rxg5 Raf8 43. hxg7 Bxg7 44. f6 Rxf6 45. Bxf6 Qxf6 46. Qxf6 Rxf6 47. Kc2 Kf7 48. Rg3 Rg6 49. Rh3 Rh6 50. Rg3 Rg6 51. Rxg6 hxg6 52. Bd3 Bf6 53. Kd2 Be5 54. Ke3 Kf6 1/2-1/2